00785nam a22002297a 4500999001500000001000600015003000900021005001700030008004100047020001500088040003800103082001900141100001900160245007500179260003800254300004100292500002000333600003400353650003900387942001200426952011700438 c2828d282815166BD-DhUAP20200227163053.0200227s2001 enka|||| |||| 00| 0 eng d a0714839256 aBD-DhUAPbEngcBD-DhUAPdBD-DhUAP 223a720.92 DAV aDavies, Colin. aHopkins2 :bthe work of Michael Hopkins and Partners / cColin Davies. aLondon :bPhaidon Press, cc2001. a240 pages :billustrations ;c29 cm. aIncludes index. aMichael Hopkins and Partners. aArchitecture, PostmodernzEngland. 2ddccBK 00102ddc4070aUAPCLbUAPCLcGeneral Stacksd2020-02-27o720.92 DAVp3010015166r2020-02-27t1w2020-02-27yBK